Czas samotności
| Titel: | Czas samotności : Ukraina w latach 1914-2022 / Michał Klimecki, Zbigniew Karpus |
|---|---|
| Verfasser: | ; |
| Veröffentlicht: | Warszawa : Bellona, [2022] |
| Umfang: | 360 Seiten : Illustrationen, Porträts ; 24 cm |
| Format: | Buch |
| Sprache: | Polnisch |
| ISBN: | 9788311165649 ; 8311165645 |
| Hinweise zum Inhalt: |
Inhaltsverzeichnis
Register Cover Abstract Buch Bibliographie |
alg: 49974763 001A $03019:28-09-22 001B $01999:04-12-24 $t23:02:03.000 001D $03019:28-09-22 001U $0utf8 001X $00 002@ $0Aau 002C $aText $btxt $2rdacontent 002D $aohne Hilfsmittel zu benutzen $bn $2rdamedia 002E $aBand $bnc $2rdacarrier 003@ $0499747631 003O $01336679613 $aOCoLC 004A $A978-83-11-16564-9 004A $083-11-16564-5 006C $01335407040 $aOCoLC 007A $0BV048316936 $aBVB 007G $0DE020416AD369746F5DCEC125896D0044E4BF 009P $qapplication/pdf $A2 $3Inhaltsverzeichnis $uhttp://scans.hebis.de/HEBCGI/show.pl?49974763_toc.pdf $mV:DE-603;B:DE-Mb50 009P $qapplication/pdf $A2 $3Register $uhttp://scans.hebis.de/HEBCGI/show.pl?49974763_idx.pdf $mV:DE-603;B:DE-Mb50 009P $qapplication/pdf $A2 $3Cover $uhttp://scans.hebis.de/HEBCGI/show.pl?49974763_cov.pdf $mV:DE-603;B:DE-Mb50 009P $qapplication/pdf $A2 $3Abstract $uhttp://scans.hebis.de/HEBCGI/show.pl?49974763_sum.pdf $mV:DE-603;B:DE-Mb50 009P $qapplication/pdf $A2 $3Buch Bibliographie $uhttp://scans.hebis.de/HEBCGI/show.pl?49974763_bib.pdf $mV:DE-603;B:DE-Mb50 010@ $apol 010E $erda 011@ $a2022 $n[2022] 011F $n© 2022 021A $aCzas samotności $dUkraina w latach 1914-2022 $hMichał Klimecki, Zbigniew Karpus 027A $aUkraina w latach 1914-2022 028A $BVerfasser $4aut $71123848726 $8Klimecki, Michał$Z1952- [Tp3] $9398867860 028C $BVerfasser $#Karpus, Zbigniew Klemens $4aut $71166989046 $8Karpus, Zbigniew$Z1954- [Tp3] $9436646056 033A $pWarszawa $nBellona 034D $a360 Seiten 034I $a24 cm 034M $aIllustrationen, Porträts 037A $aLiteraturverzeichnis Seite 345-350 044A $aNacjonalizm / Ukraina / 20 w $S#0 $N653 044A $aNacjonalizm / Ukraina / 1990- $S#0 $N653 044A $aUkraina / polityka i rządy / 20 w $S#2 $N653 044A $aUkraina / polityka i rządy / 1991- $S#2 $N653 044A $aUkraina / stosunki / Rosja / 20 w $S#2 $N653 044A $aUkraina / stosunki / Rosja / 1990- $S#2 $N653 044A $aRosja / stosunki / Ukraina / 1990- $S#2 $N653 044A $aRosja / stosunki / Ukraina / 20 w $S#2 $N653 044K $RUkrainische SSR $#Ukraine $#Ukraine $#Украïна $#Ukrainische SSR $#Ukrajina $#Ukraina $#Ukraïna Ukraine $#Ukraina Ukraine $#Ukrajna $74061496-7 $8Ukraine [Tgz] $9085170801 045F $a909 $eDDC23BSB 045F/01 $a909 045F/03 $f0904 045F/03 $f0905 045F/03 $g477 045R $aGeschichte 1914-2022 045T $aOST $qDE-12 $2FID lok: 49974763 24 exp: 49974763 24 1 #EPN 201B/01 $003-03-23 $t12:38:23.000 201C/01 $010-11-22 201U/01 $0utf8 203@/01 $01218710705 208@/01 $a03-03-23 $bz 209A/01 $a22.06266 $du $f050 $h22 06266 $x00 209C/01 $a22.06266 K $h22 06266 K 209G/01 $a74701302 $x00 220C/01 $abar/hae 247C/01 $8358050-7Marburg, Bibliothek des Herder-Instituts Marburg $9102600961 lok: 49974763 66 101B $028-09-22 $t11:25:56.000 101C $028-09-22 101U $0utf8 144Z/01 $aNacjonalizm - Ukraina - 20 w exp: 49974763 66 1 #EPN 201B/01 $028-09-22 $t11:25:56.000 201C/01 $028-09-22 201U/01 $0utf8 203@/01 $01214508057 208@/01 $a28-09-22 $bz 209A/01 $aG Ukr/Kl $du $f000 $x00 209C/01 $a22/h993 247C/01 $8618123-5 Darmstadt, Bibliothek des Deutschen Polen-Instituts $9102600902
| LEADER | 00000cam a2200000 c 4500 | ||
|---|---|---|---|
| 001 | 499747631 | ||
| 003 | DE-603 | ||
| 005 | 20241204230203.0 | ||
| 007 | tu | ||
| 008 | 220928s2022 xx |||| | u00||u|pol c | ||
| 020 | |a 9788311165649 | ||
| 020 | |a 8311165645 | ||
| 035 | |a (DE-599)BVBBV048316936 | ||
| 035 | |a (OCoLC)1336679613 | ||
| 040 | |a DE-603 |b ger |c DE-603 |d DE-603 |e rda | ||
| 041 | |a pol | ||
| 082 | 0 | 4 | |8 1\u |a 909 |q DE-101 |2 23/BSB |
| 084 | |a OST |q DE-12 |2 fid | ||
| 085 | |8 1\u |b 909 | ||
| 085 | |8 1\u |z 1 |s 0904 | ||
| 085 | |8 1\u |z 1 |s 0905 | ||
| 085 | |8 1\u |z 2 |s 477 | ||
| 100 | 1 | |a Klimecki, Michał |d 1952- |e Verfasser |4 aut |0 (DE-603)398867860 |0 (DE-588)1123848726 |2 gnd | |
| 245 | 0 | 0 | |a Czas samotności |b Ukraina w latach 1914-2022 |c Michał Klimecki, Zbigniew Karpus |
| 246 | 1 | 3 | |a Ukraina w latach 1914-2022 |
| 264 | 1 | |a Warszawa |b Bellona |c [2022] | |
| 264 | 4 | |c © 2022 | |
| 300 | |a 360 Seiten |b Illustrationen, Porträts |c 24 cm | ||
| 336 | |a Text |b txt |2 rdacontent | ||
| 337 | |a ohne Hilfsmittel zu benutzen |b n |2 rdamedia | ||
| 338 | |a Band |b nc |2 rdacarrier | ||
| 500 | |a Literaturverzeichnis Seite 345-350 | ||
| 648 | 7 | |a Geschichte 1914-2022 |2 gnd | |
| 651 | 7 | |a Ukraine |0 (DE-588)4061496-7 |0 (DE-603)085170801 |2 gnd | |
| 700 | 1 | |a Karpus, Zbigniew |d 1954- |e Verfasser |4 aut |0 (DE-603)436646056 |0 (DE-588)1166989046 |2 gnd | |
| 856 | 4 | 2 | |m V:DE-603;B:DE-Mb50 |q application/pdf |u http://scans.hebis.de/HEBCGI/show.pl?49974763_toc.pdf |3 Inhaltsverzeichnis |
| 856 | 4 | 2 | |m V:DE-603;B:DE-Mb50 |q application/pdf |u http://scans.hebis.de/HEBCGI/show.pl?49974763_idx.pdf |3 Register |
| 856 | 4 | 2 | |m V:DE-603;B:DE-Mb50 |q application/pdf |u http://scans.hebis.de/HEBCGI/show.pl?49974763_cov.pdf |3 Cover |
| 856 | 4 | 2 | |m V:DE-603;B:DE-Mb50 |q application/pdf |u http://scans.hebis.de/HEBCGI/show.pl?49974763_sum.pdf |3 Abstract |
| 856 | 4 | 2 | |m V:DE-603;B:DE-Mb50 |q application/pdf |u http://scans.hebis.de/HEBCGI/show.pl?49974763_bib.pdf |3 Buch Bibliographie |
| 924 | 0 | |9 Mb 50 |a (DE-603)1218710705 |b DE-Mb50 |c HES |d c |g 22.06266 | |
| 924 | 0 | |9 Ds 123 |a (DE-603)1214508057 |b DE-Ds123 |c HES |d d |g G Ukr/Kl | |


